LDR 00677naa#a2200169#i#450# 001 EN\\bibl\121391 005 20260428151815.2 011 ## _a1994-4683 100 ## _a20230531b2023####ek#y0engy0150####ca 102 ## _aRU 200 1# _aTHE USE OF AN ELASTIC SHOCK ABSORBER TO ACCELERATE THE IMPACT LINK WHEN PERFORMING A DIRECT PUNCH IN MARTIAL ARTS _eJournal article 210 1# _aMoscow _cNational State University of Physical Education, Sports and Health named after P.F. Lesgaft _d2023 215 ## _a5 с. 608 ## _aJournal article _2local 675 ## _aПрочие виды единоборства и тяжелой атлетики. 796.89 _z 700 #1 _a _g 856 4# _auchzapiski.lesgaft.spb.ru _u